[Event "Edmonton op"]
[Site "Edmonton"]
[Date "2008.07.31"]
[Round "5"]
[White "Mendryk, Wayne"]
[Black "He, David"]
[Result "1-0"]
[WhiteElo "1436"]
[BlackElo "1143"]
[PlyCount "35"]
[EventDate "2008.07.03"]
[EventType "swiss"]
[EventRounds "5"]
[EventCountry "CAN"]
[SourceTitle "EXT 2011"]
[Source "ChessBase"]
[SourceDate "2010.11.26"]
[SourceVersion "1"]
[SourceVersionDate "2010.11.26"]
[SourceQuality "1"]

1. e4 e5 2. Nf3 Nc6 3. Bb5 a6 4. Ba4 Nf6 5. 0-0 Bc5 6. h3 0-0 7. Re1 b5 8. Bb3 Re8 9. c3 Nh5 10. d4 exd4 11. cxd4 Bb6 12. Nc3 d6 13. Bg5 Ne7 14. Nd5 Qd7 15. Nxe7+ Kf8 16. Ne5 Qd8 17. N7g6+ Kg8 18. Bxf7# 1-0

[Event "Edmonton op"]
[Site "Edmonton"]
[Date "2008.07.24"]
[Round "4"]
[White "He, David"]
[Black "Paton, Brandon"]
[Result "0-1"]
[WhiteElo "1143"]
[BlackElo "1316"]
[PlyCount "46"]
[EventDate "2008.07.03"]
[EventType "swiss"]
[EventRounds "5"]
[EventCountry "CAN"]
[SourceTitle "EXT 2011"]
[Source "ChessBase"]
[SourceDate "2010.11.26"]
[SourceVersion "1"]
[SourceVersionDate "2010.11.26"]
[SourceQuality "1"]

1. e4 c5 2. Nf3 a6 3. Nc3 Nc6 4. Bc4 e6 5. 0-0 Bd6 6. d3 b5 7. Bb3 Bb7 8. Bg5 f6 9. Bh4 Qc7 10. Re1 0-0-0 11. Qd2 Nh6 12. a3 Ng4 13. Kf1 Nxh2+ 14. Nxh2 Bxh2 15. Ke2 Nd4+ 16. Kd1 Rhf8 17. Ba2 f5 18. Qg5 g6 19. Qh6 c4 20. Qg7 Qf4 21. Be7 Qg4+ 22. f3 Qxg2 23. Bxf8 Qxc2# 0-1

[Event "Edmonton op"]
[Site "Edmonton"]
[Date "2008.07.10"]
[Round "2"]
[White "He, David"]
[Black "Wang, Emily"]
[Result "1-0"]
[WhiteElo "1143"]
[BlackElo "1830"]
[PlyCount "49"]
[EventDate "2008.07.03"]
[EventType "swiss"]
[EventRounds "5"]
[EventCountry "CAN"]
[SourceTitle "EXT 2011"]
[Source "ChessBase"]
[SourceDate "2010.11.26"]
[SourceVersion "1"]
[SourceVersionDate "2010.11.26"]
[SourceQuality "1"]

1. e4 c6 2. d4 d5 3. Nc3 dxe4 4. Nxe4 Bf5 5. Bd3 e6 6. Bg5 f6 7. Bf4 Qxd4 8. c3 Qd5 9. c4 Qd4 10. Nf3 Qd7 11. 0-0 e5 12. Be3 Na6 13. Rc1 Rd8 14. c5 Qxd3 15. Ng3 Qb5 16. a4 Qb4 17. Bd2 Qg4 18. Nxf5 Qxf5 19. Qc2 Qe6 20. Qc4 Qd7 21. Rcd1 Qc8 22. Rfe1 b6 23. Bg5 fxg5 24. Nxg5 Be7 25. Qf7# 1-0